Statistiken für Bundesländer mit grenzenloser Karte

Klicken Sie hier um das Quiz zu spielen!

Allgemein

  • Dieses Quiz wurde 174 mal gespielt
  • Das Durchschnittsergebnis liegt bei 15 aus 16

Antworten auf der Karte

Die Antworten werden auf der Karte rot bzw. grün angezeigt, abhängig davon wie oft sie richtig erraten wurden.
 

Antwortstatistiken

Bundesland% Korrekt
Bayern
97%
Brandenburg
97%
Bremen
97%
Rheinland-Pfalz
97%
Sachsen-Anhalt
97%
Thüringen
97%
Berlin
96%
Hessen
96%
Niedersachsen
96%
Nordrhein-Westfalen
96%
Sachsen
96%
Baden-Württemberg
95%
Mecklenburg-Vorpommern
95%
Saarland
95%
Hamburg
94%
Schleswig-Holstein
94%

Verteilung der Resultate

Perzentil nach korrekt beantworteten Fragen

Anzahl Personen mit jedem Resultat

Ihre Resultats-Entwicklung

Sie haben dieses Quiz noch nicht gespielt